Normal view
MARC view
- Meaning of Military Victory
Entry Topical Term
001 - CONTROL NUMBER
- control field: 1836
003 - CONTROL NUMBER IDENTIFIER
- control field: NUST
005 - DATE AND TIME OF LATEST TRANSACTION
- control field: 20170601134216.0
008 - FIXED-LENGTH DATA ELEMENTS
- fixed length control field: 170601|| aca||aabn | a|a d
040 ## - CATALOGING SOURCE
- Original cataloging agency: NUST
- Transcribing agency: NUST
150 ## - HEADING--TOPICAL TERM
- Topical term or geographic name entry element: Meaning of Military Victory
670 ## - SOURCE DATA FOUND
- Source citation: Work cat.: (NUST)0: Mandel, Robert 1835, The Meaning of Military Victory , 2009
